000 00363nam a2200133Ia 4500
008 231129s9999||||xx |||||||||||||| ||spa||
020 _a0-13-906768-X
040 _bspa
082 _a536.762 B199t
100 _aBalzhiser Richard E
245 0 _aTermodinamica para ingenieros
264 _aPrentice Hall
942 _2ddc
_cBKS
999 _c25291
_d25291